Quick Math #5 - I think?? - Statistics

General Stats
  • This quiz has been taken 64 times
  • The average score is 11 of 13
Answer Stats
Hint Answer % Correct
100x100 10,000
100%
90+50+1 141
100%
72+100 172
100%
300+45+10 355
100%
40 divided by 10 4
100%
15x3 45
100%
10+50 60
100%
10+10+300 320
98%
12x4 48
96%
Pi 3.14
83%
16.99 x 100 1699
77%
900,000+600,000 x 1.3 1680000
28%
14.5 X -9.61 -139.345
17%
No matching quizzes found
Score Distribution
Percent of People with Each Score
Percentile by Number Answered
Your Score History
You have not taken this quiz